Лінгводидактичні умови розвитку мовленнєвої компетентності майбутніх лікарів (Запис № 461035)
[ простий вигляд ]
| 000 -Лідер | |
|---|---|
| fixed length control field | 03520nam a22002657a 4500 |
| 001 - Контрольний номер | |
| control field | 216219031 |
| 003 - Ідентифікатор контрольного номера | |
| control field | UA-OsUOA |
| 005 - Дата та час останнього входження (трансакції) | |
| control field | 20210103180726.0 |
| 008 - Елементи даних фіксованої довжини – загальна інформація | |
| fixed length control field | 200816b un ||||| m||| 00| 0 ukr d |
| 040 ## - Джерело каталогізації | |
| Агенція оригінальної каталогізації | UA-OsUOA |
| Мова каталогізації | ukr |
| Агенція, яка здійснювала перезапис | UA-OsUOA |
| Агенція, яка здійснювала модифікацію | UA-OsUOA |
| 041 ## - Код мови | |
| Код мови тексту/ звукової доріжки чи окремого заголовка (П) | ukr |
| 080 ## - Індекс Універсальної десяткової класифікації | |
| Індекс Універсальної десяткової класифікації (УДК) (НП) | 800.865:61-057.875 |
| 090 ## - Локальний шифр розміщення | |
| Класифікаційний індекс УДК | 800.865:61-057.875 |
| 095 ## - Код спеціальності для авторефератів | |
| Код спеціальності | 13.00.02 |
| Назва спеціальності | теорія та методика навчання (українська мова) |
| 100 ## - Основне введення – ім’я особи | |
| Ім’я особи (НП) | Черних І. О. |
| 245 ## - Відомості про назву | |
| Назва (НП) | Лінгводидактичні умови розвитку мовленнєвої компетентності майбутніх лікарів |
| Дані про відповідальність (НП) | Черних Ірина Олександрівна ; наук. керівник Горошкіна Олена Миколаївна |
| 260 ## - Публікація, розповсюдження і т.п. (Вихідні дані) | |
| Місце публікації, розповсюдження і т.п. (П) | Київ |
| Дата публікації, розповсюдження і т.п. (П) | 2012 |
| 300 ## - Фізичний опис | |
| Обсяг | 20 с. |
| 502 ## - Примітка про дисертацію | |
| Зв'язок | Автореферат дисертації на здобуття наукового ступеня кандидата педагогічних наук<br/> |
| Наймення інституції, що представляється | Київський університет імені Бориса Грінченка |
| Рік отримання вченого ступеня | 2012 |
| 520 ## - Резюме і т.п. | |
| Резюме, реферат, анотація, тощо (НП) | Дисертацію присвячено проблемі розвитку мовленнєвої компетентності майбутніх лікарів як важливої складової професійної підготовки. <br/>У роботі представлено теоретичний аналіз наукової літератури з проблеми дослідження; розкрито сутність понять „мовленнєва компетентність”, „мовленнєва компетентність майбутніх лікарів”; визначено структуру мовленнєвої компетентності майбутніх лікарів та описано загальні й специфічні вміння та навички, що характеризують розвинену мовленнєву компетентність майбутнього лікаря; визначено психологічні, психолінгвістичні та Лінгводидактичні засади розвитку мовленнєвої компетентності студентів-медиків; проаналізовано практику розвитку мовленнєвої компетентності у ВНЗ медичного профілю; розроблено критерії аналізу мовленнєвих умінь і навичок майбутніх лікарів та визначено рівні сформованості мовленнєвої компетентності в студентів; розроблено методику розвитку мовленнєвої компетентності майбутніх лікарів та експериментально перевірено її ефективність. <br/>Результати експерименту підтвердили ефективність лінгводидактичних умов розвитку мовленнєвої компетентності майбутніх лікарів. |
| 650 ## - Додаткове предметне введення – тематичний термін | |
| Джерело заголовка чи терміна | UDC |
| Тематичний термін чи географічна назва, як елемент введення (НП) | 80 Загальні питання лінгвістики та літератури. Філологія |
| 942 ## - Додаткові елементи входу (Коха) | |
| Source of classification or shelving scheme | Universal Decimal Classification |
| Тип елемента Koha | Автореферат |
| 955 ## - Код типу видання за змістом | |
| Код типу видання за змістом (НП) | Наукові видання |
Немає доступних примірників.